000
00290nam a2200121Ia 4500
008
240624s9999 xx 000 0 und d
041
_a
eng
082
_a
658.812 PEP
100
_a
PEPPERS DON
245
_a
RETURN ON CUSTOMER
260
_c
2005
_a
New Delhi
_b
Crown Business
365
_c
RS
_b
30
999
_c
27814
_d
27814